000 00328nam a22001457a 4500
008 210303b ||||| |||| 00| 0 eng d
020 _a9781285423937
041 _aeng
080 _210th
_a33
082 _a33
100 _a58
101 _aBIZ
245 _aEthical Decision Making and Case
_cFerrell, O.C
942 _2udc
_cBK
999 _c55662
_d55662